Mammals of Thar Desert (Record no. 597535)

MARC details
000 -LEADER
fixed length control field 00383nam a2200145Ia 4500
008 - FIXED-LENGTH DATA ELEMENTS--GENERAL INFORMATION
fixed length control field 100415s9999 xx 000 0 und d
082 ## - DEWEY DECIMAL CLASSIFICATION NUMBER
Item number 14637
Classification number 599(544)
100 ## - MAIN ENTRY--PERSONAL NAME
Personal name Prakash Ishwar
245 ## - TITLE STATEMENT
Title Mammals of Thar Desert
260 ## - PUBLICATION, DISTRIBUTION, ETC. (IMPRINT)
Place of publication, distribution, etc JODHPUR
Date of publication, distribution, etc 1994
Name of publisher, distributor, etc SCIENTIFIC PUBLISHERS
365 ## - TRADE PRICE
Price amount 0
630 ## - SUBJECT ADDED ENTRY--UNIFORM TITLE
Uniform title Mammals of Thar Desert
730 ## - ADDED ENTRY--UNIFORM TITLE
Uniform title Mammals of Thar Desert
942 ## - ADDED ENTRY ELEMENTS (KOHA)
Koha item type Book
Holdings
Withdrawn status Lost status Damaged status Not for loan Home library Current library Date acquired Cost, normal purchase price Total Checkouts Full call number Barcode Date last seen Price effective from Koha item type
        Bombay Natural History Society Bombay Natural History Society 04/03/1998 0.00   599(544) 14637 BNHS-14637 04/15/2010 04/15/2010 Book